000 00816nam a2200265 i 4500
001 000030691
003 DO-SdBNP
005 20240530073920.0
007 ta
008 110526s1962 dr r 000 0 spa d
040 _aDO-SdBNP
_bspa
_cBNPHU
_erda
082 4 _aRD863.44
_bV443j, 1962
_222
100 1 _aVeloz Maggiolo, Marcio,
_d1936-2021
_91104
_eautor
245 1 0 _aJudas :
_bel buen ladrón /
_cMarcio Velóz Maggiolo.
250 _asegunda edición
264 _aSanto Domingo :
_bLibrería Dominicana,
_c1962.
300 _a173 páginas ;
_c20 cm.
336 _2rdacontent
_atexto
_btxt
337 _2rdamedia
_asin mediación
_bn
338 _2rdacarrier
_avolumen
_bnc
590 _aInventariado, 2020 / DG
650 0 _aNovela dominicana
_9223
650 4 _aLiteratura dominicana.
_967
942 _2ddc
_cLBS1
999 _c30183
_d30183